| 000 -LEADER |
| fixed length control field |
01038nam a22002657a 4500 |
| 003 - CONTROL NUMBER IDENTIFIER |
| control field |
OSt |
| 005 - DATE AND TIME OF LATEST TRANSACTION |
| control field |
20241025174057.0 |
| 008 - FIXED-LENGTH DATA ELEMENTS--GENERAL INFORMATION |
| fixed length control field |
241025b ||||| |||| 00| 0 eng d |
| 020 ## - INTERNATIONAL STANDARD BOOK NUMBER |
| International Standard Book Number |
9781444146509 |
| 040 ## - CATALOGING SOURCE |
| Transcribing agency |
KH8 |
| 082 ## - DEWEY DECIMAL CLASSIFICATION NUMBER |
| Classification number |
500 GOL |
| 100 ## - MAIN ENTRY--PERSONAL NAME |
| Personal name |
Goldie, Sophie, |
| Relator term |
author. |
| 245 ## - TITLE STATEMENT |
| Title |
Cambridge International AS and A Level Mathematics : |
| Remainder of title |
Statistics / |
| Statement of responsibility, etc. |
Sophie Goldie. |
| 260 ## - PUBLICATION, DISTRIBUTION, ETC. |
| Place of publication, distribution, etc. |
London ; |
| Name of publisher, distributor, etc. |
Hodder Education, |
| Date of publication, distribution, etc. |
2012. |
| 300 ## - PHYSICAL DESCRIPTION |
| Extent |
viii, 344 pages : |
| Other physical details |
illustrations ; |
| Dimensions |
25 cm + |
| Accompanying material |
1 CD-ROM |
| Size of unit |
(4 3/4 in.) |
| 490 ## - SERIES STATEMENT |
| Series statement |
Cambridge International AS and A level mathematics |
| 500 ## - GENERAL NOTE |
| General note |
<br/>Includes index |
| 520 ## - SUMMARY, ETC. |
| Summary, etc. |
Accessible and complete coverage of Cambridge International AS and A Level Mathematics (9709), with free digital resources |
| 650 ## - SUBJECT ADDED ENTRY--TOPICAL TERM |
| Topical term or geographic name entry element |
A-level examinations |
| 650 ## - SUBJECT ADDED ENTRY--TOPICAL TERM |
| Topical term or geographic name entry element |
Advanced supplementary examinations |
| 650 ## - SUBJECT ADDED ENTRY--TOPICAL TERM |
| Topical term or geographic name entry element |
Mathematical statistics |
| Form subdivision |
Examinations Study guides |
| 700 ## - ADDED ENTRY--PERSONAL NAME |
| Personal name |
Porkess, Roger, |
| Relator term |
series editor. |
| 830 ## - SERIES ADDED ENTRY--UNIFORM TITLE |
| Uniform title |
Cambridge International AS and A Level Mathematics |
| 942 ## - ADDED ENTRY ELEMENTS (KOHA) |
| Source of classification or shelving scheme |
|
| Koha item type |
Teaching Resources |